Sports Quiz

Random Sports or Play Quiz

Pittsburgh Steelers playoff touchdowns Quiz Stats

 Plays Quiz not verified by Sporcle

Challenge
Share
Tweet
Embed
Score 0/163 Timer 10:00
0 Plays Today
Hint Answer % Correct
2016 AFC Wild Card Game vs MIAAntonio Brown
100%
2016 AFC Wild Card Game vs MIAAntonio Brown
100%
1972 AFC Divisional Playoff vs OAKFranco Harris
96.1%
1974 AFC Divisional Playoff vs BUFFranco Harris
96.1%
1974 AFC Divisional Playoff vs BUFFranco Harris
96.1%
1974 AFC Divisional Playoff vs BUFFranco Harris
96.1%
1974 AFC Championship Game vs OAKFranco Harris
96.1%
1974 AFC Championship Game vs OAKFranco Harris
96.1%
Super Bowl 9 vs MINFranco Harris
96.1%
1975 AFC Divisional Playoff vs BALFranco Harris
96.1%
1975 AFC Championship vs OAKFranco Harris
96.1%
1977 AFC Divisional Playoff vs DENFranco Harris
96.1%
1978 AFC Divisional Playoff vs DENFranco Harris
96.1%
1978 AFC Divisional Playoff vs DENFranco Harris
96.1%
1978 AFC Championship vs OILFranco Harris
96.1%
Super Bowl 13 vs DALFranco Harris
96.1%
1979 AFC Divisional Playoff vs MIAFranco Harris
96.1%
Super Bowl 14 vs RAMFranco Harris
96.1%
Super Bowl 14 vs RAMFranco Harris
96.1%
Super Bowl 9 vs MINLarry Brown
95.1%
1977 AFC Divisional Playoff vs DENLarry Brown
95.1%
2002 AFC Wild Card Game vs CLEHines Ward
94.1%
2002 AFC Divisional Playoff vs TENHines Ward
94.1%
2002 AFC Divisional Playoff vs TENHines Ward
94.1%
2004 AFC Divisional Playoff vs NYJHines Ward
94.1%
2004 AFC Championship Game vs NEHines Ward
94.1%
2005 AFC Wild Card Game vs CINHines Ward
94.1%
2005 AFC Championship Game vs DENHines Ward
94.1%
Super Bowl 40 vs SEAHines Ward
94.1%
2010 AFC Divisional Playoff vs BALHines Ward
94.1%
Super Bowl 45 vs GBHines Ward
94.1%
2016 AFC Wild Card Game vs MIALe'Veon Bell
94%
2016 AFC Wild Card Game vs MIALe'Veon Bell
94%
1974 AFC Championship Game vs OAKLynn Swann
93.1%
Super Bowl 10 vs DALLynn Swann
93.1%
1976 AFC Divisional Playoff vs BALLynn Swann
93.1%
1976 AFC Divisional Playoff vs BALLynn Swann
93.1%
1978 AFC Divisional Playoff vs DENLynn Swann
93.1%
1978 AFC Championship vs OILLynn Swann
93.1%
Super Bowl 13 vs DALLynn Swann
93.1%
1979 AFC Divisional Playoff vs MIALynn Swann
93.1%
Super Bowl 14 vs RAMLynn Swann
93.1%
1996 AFC Wild Card Game vs INDJerome Bettis
92.2%
1996 AFC Wild Card Game vs INDJerome Bettis
92.2%
1997 AFC Championship Game vs DENJerome Bettis
92.2%
2001 AFC Championship Game vs NEJerome Bettis
92.2%
2004 AFC Divisional Playoff vs NYJJerome Bettis
92.2%
2004 AFC Championship Game vs NEJerome Bettis
92.2%
2005 AFC Wild Card Game vs CINJerome Bettis
92.2%
2005 AFC Divisional Playoff vs INDJerome Bettis
92.2%
2005 AFC Championship Game vs DENJerome Bettis
92.2%
1975 AFC Championship vs OAKJohn Stallworth
90.2%
1978 AFC Divisional Playoff vs DENJohn Stallworth
90.2%
1978 AFC Championship vs OILJohn Stallworth
90.2%
Super Bowl 13 vs DALJohn Stallworth
90.2%
Hint Answer % Correct
Super Bowl 13 vs DALJohn Stallworth
90.2%
1979 AFC Divisional Playoff vs MIAJohn Stallworth
90.2%
1979 AFC Championship vs OILJohn Stallworth
90.2%
Super Bowl 14 vs RAMJohn Stallworth
90.2%
1982 AFC Wild Card Game vs SDJohn Stallworth
90.2%
1983 AFC Divisional Playoff vs RAIJohn Stallworth
90.2%
1984 AFC Championship vs MIAJohn Stallworth
90.2%
1984 AFC Championship vs MIAJohn Stallworth
90.2%
Super Bowl 40 vs SEABen Roethlisberger
90.2%
2005 AFC Championship Game vs DENBen Roethlisberger
90.2%
2010 AFC Championship Game vs NYJBen Roethlisberger
90.2%
2016 AFC Championship Game vs NEDeAngelo Williams
88.9%
2005 AFC Divisional Playoff vs INDHeath Miller
88.2%
2007 AFC Wild Card Game vs JAXSantonio Holmes
88.2%
2007 AFC Wild Card Game vs JAXHeath Miller
88.2%
2008 AFC Divisional Playoff vs SDSantonio Holmes
88.2%
2008 AFC Divisional Playoff vs SDHeath Miller
88.2%
2008 AFC Championship Game vs BALSantonio Holmes
88.2%
Super Bowl 38 vs ARZSantonio Holmes
88.2%
2010 AFC Divisional Playoff vs BALHeath Miller
88.2%
2005 AFC Wild Card Game vs CINWillie Parker
86.3%
Super Bowl 40 vs SEAWillie Parker
86.3%
2008 AFC Divisional Playoff vs SDWillie Parker
86.3%
2008 AFC Divisional Playoff vs SDWillie Parker
86.3%
1975 AFC Divisional Playoff vs BALTerry Bradshaw
83.3%
1977 AFC Divisional Playoff vs DENTerry Bradshaw
83.3%
1982 AFC Wild Card Game vs SDTerry Bradshaw
83.3%
2010 AFC Divisional Playoff vs BALRashard Mendenhall
82.4%
2010 AFC Divisional Playoff vs BALRashard Mendenhall
82.4%
2010 AFC Championship Game vs NYJRashard Mendenhall
82.4%
Super Bowl 45 vs GBRashard Mendenhall
82.4%
1976 AFC Divisional Playoff vs BALReggie Harrison
81.4%
1976 AFC Divisional Playoff vs BALReggie Harrison
81.4%
1976 AFC Championship vs OAKReggie Harrison
81.4%
1993 AFC Wild Card Game vs KCEric Green
81.4%
1994 AFC Divisional Playoff vs CLEEric Green
81.4%
Super Bowl 38 vs ARZJames Harrison
81.4%
1994 AFC Divisional Playoff vs CLEJohn L. Williams
80.4%
1994 AFC Championship vs SDJohn L. Williams
80.4%
1995 AFC Divisional Playoff vs BUFJohn L. Williams
80.4%
1974 AFC Divisional Playoff vs BUFRocky Bleier
79.4%
1975 AFC Divisional Playoff vs BALRocky Bleier
79.4%
1978 AFC Championship vs OILRocky Bleier
79.4%
Super Bowl 13 vs DALRocky Bleier
79.4%
1979 AFC Championship vs OILRocky Bleier
79.4%
1995 AFC Championship Game vs INDKordell Stewart
78.4%
1996 AFC Wild Card Game vs INDKordell Stewart
78.4%
1996 AFC Wild Card Game vs INDKordell Stewart
78.4%
1997 AFC Divisional Playoff vs NEKordell Stewart
78.4%
1997 AFC Championship Game vs DENKordell Stewart
78.4%
2002 AFC Wild Card Game vs CLEAntwaan Randle El
76.5%
2005 AFC Divisional Playoff vs INDAntwaan Randle El
76.5%
2001 AFC Divisional Playoff vs BALPlaxico Burress
71.6%
2002 AFC Wild Card Game vs CLEPlaxico Burress
71.6%
2004 AFC Championship Game vs NEPlaxico Burress
71.6%
Hint Answer % Correct
Super Bowl 45 vs GBMike Wallace
71.6%
2011 AFC Wild Card Game vs DENMike Wallace
71.6%
1994 AFC Divisional Playoff vs CLEYancey Thigpen
69.6%
Super Bowl 30 vs DALYancey Thigpen
69.6%
1997 AFC Championship Game vs DENCharles Johnson
66.7%
1984 AFC Divisional Playoff vs DENLouis Lipps
64.7%
1989 AFC Divisional Playoff vs DENLouis Lipps
64.7%
2008 AFC Championship Game vs BALTroy Polamalu
64.7%
2014 AFC Wild Card Game vs BALMartavis Bryant
61.8%
2015 AFC Wild Card Game vs CINMartavis Bryant
61.8%
1995 AFC Divisional Playoff vs BUFByron 'Bam' Morris
59.8%
1995 AFC Divisional Playoff vs BUFByron 'Bam' Morris
59.8%
1995 AFC Championship Game vs INDByron 'Bam' Morris
59.8%
Super Bowl 30 vs DALByron 'Bam' Morris
59.8%
2005 AFC Wild Card Game vs CInCedrick Wilson
58.8%
2005 AFC Championship Game vs DENCedrick Wilson
58.8%
2002 AFC Wild Card Game vs CLEChris Fuamatu-Ma'Afala
53.9%
1975 AFC Divisional Playoff vs BALAndy Russell
52.9%
2008 AFC Divisional Playoff vs SDGary Russell
52.9%
Super Bowl 38 vs ARZGary Russell
52.9%
1979 AFC Championship vs OILBennie Cunningham
49%
1982 AFC Wild Card Game vs SDBennie Cunningham
49%
Super Bowl 10 vs DALRandy Grossman
47.1%
1989 AFC Wild Card Game vs OILMerril Hoge
43.1%
1989 AFC Divisional Playoff vs DENMerril Hoge
43.1%
2016 AFC Championship Game vs NECobi Hamilton
42.2%
1973 AFC Divisional Playoff vs OAKFrank Lewis
41.2%
1976 AFC Divisional Playoff vs BALFrank Lewis
41.2%
2010 AFC Championship Game vs NYJWilliam Gay
34.3%
2001 AFC Divisional Playoff vs BALAmos Zereoue
33.3%
2001 AFC Divisional Playoff vs BALAmos Zereoue
33.3%
2001 AFC Championship Game vs NEAmos Zereoue
33.3%
2002 AFC Divisional Playoff vs TENAmos Zereoue
33.3%
2015 AFC Divisional Playoff vs DENFitzgerald Toussaint
32.4%
2011 AFC Wild Card Game vs DENJerricho Cotchery
31.4%
1989 AFC Wild Card Game vs OILTim Worley
30.4%
1993 AFC Wild Card Game vs KCErnie Mills
30.4%
1995 AFC Divisional Playoff vs BUFErnie Mills
30.4%
1979 AFC Divisional Playoff vs MIASidney Thornton
29.4%
1984 AFC Divisional Playoff vs DENFrank Pollard
27.5%
1984 AFC Divisional Playoff vs DENFrank Pollard
27.5%
2007 AFC Wild Card Game vs JAXNajeh Davenport
27.5%
2007 AFC Wild Card Game vs JAXNajeh Davenport
27.5%
2002 AFC Wild Card Game vs CLEJerame Tuman
23.5%
1973 AFC Divisional Playoff vs OAKBarry Pearson
18.6%
1996 AFC Wild Card Game vs INDJon Witman
17.6%
1972 AFC Championship Game vs MIAAl Young
16.7%
1984 AFC Championship vs MIARich Erenberg
15.7%
1993 AFC Wild Card Game vs KCAdrian Cooper
15.7%
1984 AFC Championshio vs MIAWayne Capers
12.7%
1972 AFC Championship Game vs MIAGerry Mullins
8.8%
1982 AFC Wild Card Game vs SDGary Ruff
4.9%
1978 AFC Divisional Playoff vs DENDave Preston
2%

You're not logged in!

Compare scores with friends on all Sporcle quizzes.
OR
Log In

You Might Also Like...

Show Comments

Extras

Top Quizzes Today


Score Distribution

Your Account Isn't Verified!

In order to create a playlist on Sporcle, you need to verify the email address you used during registration. Go to your Sporcle Settings to finish the process.

Report this User

Report this user for behavior that violates our Community Guidelines.

Details: